<Die> Räumliche Ordnung auf dem Weg in die Dienstleistungsgesellschaft
Terciarizácia z hľadiska makropriestoru. Vývoj zamestnanosti v nepoľnohospodárskych činnostiach v r. 1970-1987. Zamestnanosť v živnostiach a službách. Fourastiérova téza o terciarizácii spoločnosti. Význam strediskových sídiel a miest s vlastnou vybavenosťou. Koncentrácia výrobných živností v okrajo...
Na minha lista:
| Autor principal: | |
|---|---|
| Formato: | Capítulo de Livro |
| Idioma: | alemão |
| Assuntos: | |
| Tags: |
Sem tags, seja o primeiro a adicionar uma tag!
|
MARC
| LEADER | 00000naa a2200000 4500 | ||
|---|---|---|---|
| 001 | r008908 | ||
| 005 | 20221130103827.7 | ||
| 041 | 0 | |a ger | |
| 044 | |a DE | ||
| 245 | 1 | 0 | |a <Die> Räumliche Ordnung auf dem Weg in die Dienstleistungsgesellschaft |c P. Jost |
| 520 | |a Terciarizácia z hľadiska makropriestoru. Vývoj zamestnanosti v nepoľnohospodárskych činnostiach v r. 1970-1987. Zamestnanosť v živnostiach a službách. Fourastiérova téza o terciarizácii spoločnosti. Význam strediskových sídiel a miest s vlastnou vybavenosťou. Koncentrácia výrobných živností v okrajových lokalitách v Sársku. | ||
| 610 | 2 | 0 | |a zamestnanosť |
| 610 | 2 | 0 | |a živnosti |
| 610 | 2 | 0 | |a služby |
| 610 | 2 | 0 | |a 1970-1987 |
| 610 | 2 | 0 | |a údaje štatistické |
| 610 | 2 | 0 | |a sféra terciárna |
| 610 | 2 | 0 | |a obce |
| 610 | 2 | 0 | |a koncentrácia |
| 610 | 2 | 0 | |a Nemecko |
| 610 | 2 | 0 | |a rozmiestenie územné |
| 100 | 1 | |a Jost, P. | |